Hướng dẫn giải bài tập giải tích toán học

Đã lưu trong:
书目详细资料
主要作者: Nguyễn, Thủy Thanh
格式: 图书
语言:Undetermined
出版: Hà Nội Đại học Quốc gia Hà Nội 2002
主题:
标签: 添加标签
没有标签, 成为第一个标记此记录!
Thư viện lưu trữ: Trung tâm Học liệu Trường Đại học Cần Thơ
LEADER 00610nam a2200193Ia 4500
001 CTU_94943
008 210402s9999 xx 000 0 und d
020 |c 23000 
082 |a 515.076 
082 |b Th107/T.2 
100 |a Nguyễn, Thủy Thanh 
245 0 |a Hướng dẫn giải bài tập giải tích toán học 
245 0 |c Nguyễn Thủy Thanh, Đỗ Đức Giao 
260 |a Hà Nội 
260 |b Đại học Quốc gia Hà Nội 
260 |c 2002 
650 |a Mathematical analysis 
904 |i Trúc 
980 |a Trung tâm Học liệu Trường Đại học Cần Thơ